<?xml version="1.0" encoding="UTF-8"?><?xml-stylesheet type="text/xsl" href="static/style.xsl"?><OAI-PMH xmlns="http://www.openarchives.org/OAI/2.0/" xmlns:xsi="http://www.w3.org/2001/XMLSchema-instance" xsi:schemaLocation="http://www.openarchives.org/OAI/2.0/ http://www.openarchives.org/OAI/2.0/OAI-PMH.xsd"><responseDate>2026-04-17T07:50:29Z</responseDate><request verb="GetRecord" identifier="oai:www.recercat.cat:2099.1/17777" metadataPrefix="marc">https://recercat.cat/oai/request</request><GetRecord><record><header><identifier>oai:recercat.cat:2099.1/17777</identifier><datestamp>2025-07-22T16:32:00Z</datestamp><setSpec>com_2072_1033</setSpec><setSpec>col_2072_452951</setSpec></header><metadata><record xmlns="http://www.loc.gov/MARC21/slim" xmlns:dcterms="http://purl.org/dc/terms/" xmlns:xsi="http://www.w3.org/2001/XMLSchema-instance" xmlns:doc="http://www.lyncode.com/xoai" xsi:schemaLocation="http://www.loc.gov/MARC21/slim http://www.loc.gov/standards/marcxml/schema/MARC21slim.xsd">
   <leader>00925njm 22002777a 4500</leader>
   <datafield ind2=" " ind1=" " tag="042">
      <subfield code="a">dc</subfield>
   </datafield>
   <datafield ind2=" " ind1=" " tag="720">
      <subfield code="a">Peralta Pérez, Ricardo</subfield>
      <subfield code="e">author</subfield>
   </datafield>
   <datafield ind2=" " ind1=" " tag="260">
      <subfield code="c">2013-01</subfield>
   </datafield>
   <datafield ind2=" " ind1=" " tag="520">
      <subfield code="a">Este proyecto tiene como objeto la realización de un programa informático capaz de realizar el cálculo de distintos tipos de uniones metálicas dadas. Dicho programa no se realiza con el fin del cálculo de uniones en sí mismo sino cómo herramienta educativa que facilite el aprendizaje y la comprensión de los tipos de uniones que incluye. El objetivo es dar al usuario una idea de los principales parámetros que se pueden variar a la hora de dimensionar una unión y cómo estos pueden variar la resistencia de la misma frente a diferentes acciones. Para ello se dará a elegir entre una serie de uniones que ejemplifiquen los diferentes tipos de esfuerzos que se pueden dar en una unión. En la documentación escrita adjunta se entregará también al usuario un manual de utilización del programa, que será lo mas intuitivo posible, ejemplos resueltos para la completa comprensión del funcionamiento y toda la base de cálculo utilizada internamente por el programa así como indicaciones sobre cómo optimizar las uniones calculadas de manera que mediante la correcta utilización de todo el material se alcance un conocimiento más profundo sobre el funcionamiento de la transmisión de esfuerzos en las uniones. El resultado del cálculo del programa se entregará al usuario mediante tablas impresas directamente sobre la ventana de AutoCAD y un croquis a escala en el que se podrá ver el aspecto de la geometría descrita. Además, se informará al usuario sobre si la geometría cumple o no la normativa vigente y en caso de que no, se informará de cuál es el problema para poder solucionarlo.</subfield>
   </datafield>
   <datafield tag="653" ind2=" " ind1=" ">
      <subfield code="a">Àrees temàtiques de la UPC::Enginyeria civil::Materials i estructures::Materials i estructures metàl·liques</subfield>
   </datafield>
   <datafield tag="653" ind2=" " ind1=" ">
      <subfield code="a">Building, Iron and steel</subfield>
   </datafield>
   <datafield tag="653" ind2=" " ind1=" ">
      <subfield code="a">Structural design--Computer programs</subfield>
   </datafield>
   <datafield tag="653" ind2=" " ind1=" ">
      <subfield code="a">Unions (Construcció)</subfield>
   </datafield>
   <datafield tag="653" ind2=" " ind1=" ">
      <subfield code="a">Construccions metàl·liques -- Càlcul -- Programes d'ordinador</subfield>
   </datafield>
   <datafield tag="653" ind2=" " ind1=" ">
      <subfield code="a">Disseny d'estructures -- Programes d'ordinador</subfield>
   </datafield>
   <datafield ind2="0" ind1="0" tag="245">
      <subfield code="a">Diseño de una aplicación informática, con soporte CAD, para cálculo de uniones en estructura metálica</subfield>
   </datafield>
</record></metadata></record></GetRecord></OAI-PMH>